00637nam a2200145 i 450000100060000000300090000600500170001500700030003200800410003510000440007624502270012026000780034730000320042585200340045765348ES-MaACL20240221063027.0t|040112s1958 sp ||||1| spa d1 aFranco Bahamonde, Francisco,d1892-197510aDiscursos pronunciados con motivo de la visita de S.E. el caudillo de España a Castellón de la Plana durante los días 13 y 14 de junio del año 1958 XX de la liberación de la ciudad / cFrancisco Franco Bahamonde. aCastellón de la Plana : b[s.n., c1958] (fGraf. Hijos de P. Armengot) a42 p., 11 lám. ; c24 cm. aES-MaACLj2034-F-14 bR.42802